Catálogo

Vista normal Vista MARC

Entrada Personal Name

Número de registros utilizados en: 1

001 - CONTROL NUMBER

  • control field: 6764

003 - CONTROL NUMBER IDENTIFIER

  • control field: OSt

005 - DATE AND TIME OF LATEST TRANSACTION

  • control field: 20180716124949.0

008 - FIXED-LENGTH DATA ELEMENTS

  • fixed length control field: 851218n| acannaabn |n aaa c

010 ## - LIBRARY OF CONGRESS CONTROL NUMBER

  • LC control number: 85829830

035 ## - SYSTEM CONTROL NUMBER

  • System control number: (OCoLC)oca01464941

040 ## - CATALOGING SOURCE

  • Original cataloging agency: ICU
  • Language of cataloging: eng
  • Description conventions: rda
  • Transcribing agency: ICU
  • Modifying agency: OCoLC
  • Modifying agency: Mx-PuUPA

100 1# - HEADING--PERSONAL NAME

  • Personal name: Thorpe, William Veale,

375 ## - GENDER

  • Gender: hombre

377 ## - ASSOCIATED LANGUAGE

  • Language code: spa
  • Source of code: MARC Code List for Lenguajes

670 ## - SOURCE DATA FOUND

  • Source citation: Biblioteca del Congreso (Estados Unidos), 08 marzo 2018 :
  • Information found: catálogo electrónico
  • Uniform Resource Identifier: https://goo.gl/Hbv7dN

670 ## - SOURCE DATA FOUND

  • Source citation: LCCN 61-1483: His Biochemistry for medical students, 1960
  • Information found: (hdg.: Thorpe, William Veale)

670 ## - SOURCE DATA FOUND

  • Source citation: LC data base, 12-17-85
  • Information found: (hdg.: Thorpe, William Veale; usage: William Veale Thorpe)

670 ## - SOURCE DATA FOUND

  • Source citation: Bioquímica, 1974:
  • Information found: portada (William Veale Thorpe)

953 ## -

  • : bz51